| Поле | Инд. | ПП | Название | Значение |
|---|---|---|---|---|
| Тип записи | a | |||
| Библиографический уровень | m | |||
| 001 | Контрольный номер | RU/LIBMSTU/372181292 | ||
| 005 | Дата корректировки | 20180112101146.3 | ||
| 008 | Кодируемые данные | 111018|||||||||ru |||||||||||000|||rus|| | ||
| 020 | c | Цена, тираж | Б. ц. | |
| 040 | b | Код языка каталог. | rus | |
| 041 | 0_ | a | Код языка текста | rus |
| 084 | a | Индекс другой классификации/Индекс ББК | 94+39.42-082.03+39.425+39.42-082.022 | |
| 090 | a | Полочн. индекс | 94 | |
| x | Авторский знак | Б 24 | ||
| 100 | 1_ | a | Автор | Барахта А. В. |
| 245 | 10 | a | Заглавие | Оценка безопасности выполнения динамического позиционирования бурового судна методами математического моделирования |
| b | Продолж. заглавия | дис. ... канд. техн. наук : 05.22.19 | ||
| c | Ответственность | ФГБОУ ВПО "Мурман. гос. техн. ун-т" | ||
| 260 | a | Место издания | Мурманск | |
| c | Дата издания | 2011 | ||
| 300 | a | Объем | 199, [3] с. | |
| b | Иллюстрации/ тип воспроизводства | ил. | ||
| 650 | 04 | a | Основная рубрика | Безопасность плавания судов-Диссертации |
| 650 | 14 | a | Основная рубрика | Суда буровые-Управление-Диссертации |
| 653 | 0_ | a | Ключевые слова | Аэродинамические усилия |
| a | Ключевые слова | Безопасность мореплавания | ||
| a | Ключевые слова | Динамическое позиционирование | ||
| a | Ключевые слова | Диссертации | ||
| a | Ключевые слова | Маневрирование судна | ||
| a | Ключевые слова | Математическая модель судна | ||
| a | Ключевые слова | Оценка безопасности судна | ||
| a | Ключевые слова | Динамическое позиционирование | ||
| a | Ключевые слова | Суда буровые | ||
| a | Ключевые слова | Управление судном | ||
| 901 | t | Тип документа | d |